000 01130nam a2200337 a 4500
001 000014111
003 DO-SdBNP
005 20150709140042.0
007 000014111
008 091204t2006 dr a 001 0bspa d
020 _a9993476617
040 _aBPMET
_bspa
_cBPMET
092 _a923.27293
_bP349s
100 1 _aSantana, Osvaldo
245 1 0 _aPeña Gómez :
_bsus orígenes /
_cOsvaldo Santana ; ilustaciones Ramiro Manzano, José Manuel Rodríguez.
250 _a2a. ed.
260 _aSanto Domingo :
_bTobogán,
_c2006
300 _a100 p. :
_bil. ;
_c21 cm.
490 1 _aBiografías Dominicanas Tobogán
600 1 4 _aPEÑA GÓMEZ, JOSÉ FRANCISCO,
_d1937-1998
650 4 _aPOLÍTICOS
_zREPÚBLICA DOMINICANA
651 4 _aREPÚBLICA DOMINICANA
_xHISTORIA
700 1 _aManzano, Ramiro,
_eil.
700 1 _aRodríguez, José Manuel,
_eil.
830 0 _aBiografías Dominicanas Tobogán
910 _aValidado. Control de calidad EMS.
930 1 _lBND01
_mLF1
_820091204
_f04
_pHD
_g8994
942 _2ddc
_cBK
956 _aBTAVAREZ
_b10
_c20091208
_lBND01
_h1514
956 _aVMATEO
_b10
_c20150415
_lBND01
_h00151
999 _c7638
_d7638